| 000 | 00434nam a22001577a 4500 | ||
|---|---|---|---|
| 003 | macl | ||
| 005 | 20200828154830.0 | ||
| 008 | 200828b xxu||||| |||| 00| 0 eng d | ||
| 040 | _cmacl | ||
| 082 | _a620 | ||
| 100 |
_aGuider _979384 |
||
| 245 | _aइलेक्ट्रिकल इंजीनियरिंग | ||
| 260 |
_aमेरठ _bGuider |
||
| 650 |
_aइंजीक्ट्रिकल _979394 |
||
| 942 |
_2ddc _cHIN |
||
| 999 |
_c62988 _d62988 |
||